000 00999nam a22002417a 4500
001 23459
003 UA-OsUOA
005 20211223215820.0
007 ta
008 20040121b un ||||| |||| 00| 0 ukr d
020 _a966-76-31-01-Х
040 _aUA-OsUOA
_bukr
_cUA-OsUOA
_dUA-OsUOA
041 _aukr
044 _aUA
080 _a32(477)
090 _a32(477)
_bТ34
245 _aТеоретико-методологічні основи аналізу реформаційної політики
_bзбірник накових праць: ювілейним датам 425-літтю національного університету "Острозька акдемія"; 10-літтю Волинського державного університету присвячується
_nвип. 1
260 _aОстрог
_bРедакційно-видавничий відділ університету
_c2003
300 _a815 с.
650 7 _2UDC
942 _cBK
_2udc
955 _a0
999 _c309707
_d309707